[Event "Quebec-ch qual2"]
[Site "Montreal"]
[Date "2006.05.19"]
[Round "1"]
[White "Briere, Patrice"]
[Black "O'Connor, Michael"]
[Result "0-1"]
[WhiteElo "1233"]
[BlackElo "1826"]
[PlyCount "32"]
[EventDate "2006.05.19"]
[EventType "swiss"]
[EventRounds "5"]
[EventCountry "CAN"]
[SourceTitle "EXT 2007"]
[Source "ChessBase"]
[SourceDate "2006.11.23"]
[SourceVersion "1"]
[SourceVersionDate "2006.11.23"]
[SourceQuality "1"]

1. e4 c5 2. Nf3 Nc6 3. d4 cxd4 4. Nxd4 Nf6 5. Be3 Nxe4 6. Nxc6 bxc6 7. Bd3 Qa5+ 8. c3 Nc5 9. Bc2 Qb5 10. b4 Ne6 11. Bd3 Qd5 12. 0-0 a5 13. c4 Qe5 14. Nd2 axb4 15. Bb6 c5 16. Ne4 Ra6 0-1